<?xml version="1.0" encoding="UTF-8"?>
<record
    xmlns:xsi="http://www.w3.org/2001/XMLSchema-instance"
    xsi:schemaLocation="http://www.loc.gov/MARC21/slim http://www.loc.gov/standards/marcxml/schema/MARC21slim.xsd"
    xmlns="http://www.loc.gov/MARC21/slim">

  <leader>00861nam a2200277Ia 4500</leader>
  <datafield tag="999" ind1=" " ind2=" ">
    <subfield code="c">51310</subfield>
    <subfield code="d">51310</subfield>
  </datafield>
  <controlfield tag="001">18279</controlfield>
  <controlfield tag="003">GE_BSU</controlfield>
  <controlfield tag="005">20230327111707.0</controlfield>
  <controlfield tag="008">181216s2007||||fr |||||||||||||| ||fre||</controlfield>
  <datafield tag="020" ind1=" " ind2=" ">
    <subfield code="a">9782090353044</subfield>
  </datafield>
  <datafield tag="040" ind1=" " ind2=" ">
    <subfield code="c">GE_BSU</subfield>
  </datafield>
  <datafield tag="080" ind1=" " ind2=" ">
    <subfield code="a">811.133.1 I-33</subfield>
  </datafield>
  <datafield tag="245" ind1=" " ind2=" ">
    <subfield code="a">ICI 1 Cahier d'exercices  A1 /</subfield>
    <subfield code="c">D.Abry, Y. Daas, C. Fert, C. Parpette, J. Stauber ;  Edition Virginie Poitrasson. </subfield>
  </datafield>
  <datafield tag="264" ind1=" " ind2=" ">
    <subfield code="a">Paris :</subfield>
    <subfield code="b">CLE International,</subfield>
    <subfield code="c">200.7</subfield>
  </datafield>
  <datafield tag="300" ind1=" " ind2=" ">
    <subfield code="a">52 p. ;</subfield>
    <subfield code="c">30 cm.</subfield>
    <subfield code="e">+1CD</subfield>
  </datafield>
  <datafield tag="541" ind1=" " ind2=" ">
    <subfield code="h">41 Gel. 75 T.</subfield>
  </datafield>
  <datafield tag="653" ind1=" " ind2=" ">
    <subfield code="a">ICI 1 Cahier d'exercices A1</subfield>
  </datafield>
  <datafield tag="653" ind1=" " ind2=" ">
    <subfield code="a">&#x10E4;&#x10E0;&#x10D0;&#x10DC;&#x10D2;&#x10E3;&#x10DA;&#x10D8; &#x10D4;&#x10DC;&#x10D0;</subfield>
  </datafield>
  <datafield tag="700" ind1=" " ind2=" ">
    <subfield code="a">Abry,D.</subfield>
    <subfield code="e">by</subfield>
    <subfield code="9">17271</subfield>
  </datafield>
  <datafield tag="700" ind1=" " ind2=" ">
    <subfield code="a">Daas,Y.</subfield>
    <subfield code="e">by</subfield>
    <subfield code="9">12726</subfield>
  </datafield>
  <datafield tag="700" ind1=" " ind2=" ">
    <subfield code="a">Fert,C.</subfield>
    <subfield code="e">by</subfield>
    <subfield code="9">17272</subfield>
  </datafield>
  <datafield tag="700" ind1=" " ind2=" ">
    <subfield code="a">Parpette,C.</subfield>
    <subfield code="e">by</subfield>
    <subfield code="9">17273</subfield>
  </datafield>
  <datafield tag="700" ind1=" " ind2=" ">
    <subfield code="a">Stauber,J</subfield>
    <subfield code="e">by</subfield>
    <subfield code="9">17274</subfield>
  </datafield>
  <datafield tag="700" ind1=" " ind2=" ">
    <subfield code="a">Poitrasson, Virginie</subfield>
    <subfield code="e">Edition</subfield>
    <subfield code="9">12727</subfield>
  </datafield>
  <datafield tag="942" ind1=" " ind2=" ">
    <subfield code="c">BK</subfield>
    <subfield code="2">udc</subfield>
  </datafield>
  <datafield tag="952" ind1=" " ind2=" ">
    <subfield code="0">0</subfield>
    <subfield code="1">0</subfield>
    <subfield code="2">udc</subfield>
    <subfield code="4">0</subfield>
    <subfield code="6">8111331_I33</subfield>
    <subfield code="7">0</subfield>
    <subfield code="9">70664</subfield>
    <subfield code="a">CPL</subfield>
    <subfield code="b">CPL</subfield>
    <subfield code="c">GEN</subfield>
    <subfield code="d">2018-12-17</subfield>
    <subfield code="g">41.75</subfield>
    <subfield code="o">811.133.1 I-33</subfield>
    <subfield code="p">46533</subfield>
    <subfield code="r">2018-12-17</subfield>
    <subfield code="t">46533</subfield>
    <subfield code="w">2018-12-17</subfield>
    <subfield code="y">BK</subfield>
    <subfield code="z">41.75 GEL.</subfield>
  </datafield>
  <datafield tag="952" ind1=" " ind2=" ">
    <subfield code="0">0</subfield>
    <subfield code="1">0</subfield>
    <subfield code="2">udc</subfield>
    <subfield code="4">0</subfield>
    <subfield code="6">8111331_I33</subfield>
    <subfield code="7">0</subfield>
    <subfield code="9">70665</subfield>
    <subfield code="a">CPL</subfield>
    <subfield code="b">CPL</subfield>
    <subfield code="c">GEN</subfield>
    <subfield code="d">2018-12-17</subfield>
    <subfield code="g">34.50</subfield>
    <subfield code="o">811.133.1 I-33</subfield>
    <subfield code="p">57807</subfield>
    <subfield code="r">2018-12-17</subfield>
    <subfield code="t">57107</subfield>
    <subfield code="w">2018-12-17</subfield>
    <subfield code="y">BK</subfield>
    <subfield code="z">34.50 GEL.</subfield>
  </datafield>
  <datafield tag="952" ind1=" " ind2=" ">
    <subfield code="0">0</subfield>
    <subfield code="1">0</subfield>
    <subfield code="2">udc</subfield>
    <subfield code="4">0</subfield>
    <subfield code="6">8111331_I33</subfield>
    <subfield code="7">0</subfield>
    <subfield code="9">70666</subfield>
    <subfield code="a">CPL</subfield>
    <subfield code="b">CPL</subfield>
    <subfield code="c">GEN</subfield>
    <subfield code="d">2018-12-17</subfield>
    <subfield code="g">34.50</subfield>
    <subfield code="o">811.133.1 I-33</subfield>
    <subfield code="p">57809</subfield>
    <subfield code="r">2018-12-17</subfield>
    <subfield code="t">57809</subfield>
    <subfield code="w">2018-12-17</subfield>
    <subfield code="y">BK</subfield>
    <subfield code="z">34.50 GEL.</subfield>
  </datafield>
  <datafield tag="952" ind1=" " ind2=" ">
    <subfield code="0">0</subfield>
    <subfield code="1">0</subfield>
    <subfield code="2">udc</subfield>
    <subfield code="4">0</subfield>
    <subfield code="6">8111331_I33</subfield>
    <subfield code="7">0</subfield>
    <subfield code="9">70667</subfield>
    <subfield code="a">CPL</subfield>
    <subfield code="b">CPL</subfield>
    <subfield code="c">GEN</subfield>
    <subfield code="d">2018-12-17</subfield>
    <subfield code="g">34.50</subfield>
    <subfield code="o">811.133.1 I-33</subfield>
    <subfield code="p">57811</subfield>
    <subfield code="r">2018-12-17</subfield>
    <subfield code="t">57811</subfield>
    <subfield code="w">2018-12-17</subfield>
    <subfield code="y">BK</subfield>
    <subfield code="z">34.50 GEL.</subfield>
  </datafield>
  <datafield tag="952" ind1=" " ind2=" ">
    <subfield code="0">0</subfield>
    <subfield code="1">0</subfield>
    <subfield code="2">udc</subfield>
    <subfield code="4">0</subfield>
    <subfield code="6">8111331_I33</subfield>
    <subfield code="7">0</subfield>
    <subfield code="9">70668</subfield>
    <subfield code="a">CPL</subfield>
    <subfield code="b">CPL</subfield>
    <subfield code="c">GEN</subfield>
    <subfield code="d">2018-12-17</subfield>
    <subfield code="g">34.50</subfield>
    <subfield code="o">811.133.1 I-33</subfield>
    <subfield code="p">57813</subfield>
    <subfield code="r">2018-12-17</subfield>
    <subfield code="t">57813</subfield>
    <subfield code="w">2018-12-17</subfield>
    <subfield code="y">BK</subfield>
    <subfield code="z">34.50 GEL.</subfield>
  </datafield>
  <datafield tag="952" ind1=" " ind2=" ">
    <subfield code="0">0</subfield>
    <subfield code="1">0</subfield>
    <subfield code="2">udc</subfield>
    <subfield code="4">0</subfield>
    <subfield code="6">8111331_I33</subfield>
    <subfield code="7">0</subfield>
    <subfield code="9">70669</subfield>
    <subfield code="a">CPL</subfield>
    <subfield code="b">CPL</subfield>
    <subfield code="c">GEN</subfield>
    <subfield code="d">2018-12-17</subfield>
    <subfield code="g">34.50</subfield>
    <subfield code="o">811.133.1 I-33</subfield>
    <subfield code="p">57815</subfield>
    <subfield code="r">2018-12-17</subfield>
    <subfield code="t">57815</subfield>
    <subfield code="w">2018-12-17</subfield>
    <subfield code="y">BK</subfield>
    <subfield code="z">34.50 GEL.</subfield>
  </datafield>
</record>
